Segundo Encuentro Nacional de Investigadores en Educación: 11 y 12 de agosto 1983 /
Guardat en:
| Autor principal: | |
|---|---|
| Altres autors: | , , |
| Format: | Text |
| Publicat: |
San José:
CEMIE. REDUC. CIDE
|
| Matèries: | |
| Etiquetes: |
Afegir etiqueta
Sense etiquetes, Sigues el primer a etiquetar aquest registre!
|
MARC
| LEADER | 00000 a a2200000 04500 | ||
|---|---|---|---|
| 001 | 14777 | ||
| 003 | |||
| 040 | |||
| 090 | |a 022100 | ||
| 100 | |a Ugalde Víquez, Jesús | ||
| 245 | |a Segundo Encuentro Nacional de Investigadores en Educación: 11 y 12 de agosto 1983 / |c Jesús Ugalde Víquez | ||
| 260 | |a San José: |b CEMIE. REDUC. CIDE | ||
| 300 | |a 4; 77; 4; 48 p. | ||
| 650 | |a EDUCACION | ||
| 700 | |a Esquivel, Juan Manuel | ||
| 700 | |a Sánchez Moya, Zaida | ||
| 700 | |a Ramírez Morales, Jorge | ||
| 999 | |c 3143 |d 3143 | ||
